000 00527nam a2200157 i 4500
001 92205
003 ES-MaACL
005 20230906180923.0
007 t|
008 050223s1956 sp ||||1| spa d
245 0 0 _aLibro blanco sobre la nacionalización de la Compañía Marítima del Canal de Suez /
_cRepública de Egipto.
260 _a[El Cairo] :
_bMinisterio de Asuntos Exteriores,
_c1956.
300 _a67 p. ;
_c24 cm.
651 4 _aCanal de Suez-
_xHistoria-
_vFuentes.
_97943
852 _aES-MaACL
_j1971-F-22
_bR.39318
999 _c92205
_d92205